000 00699nam a22001937a 4500
005 20241220144420.0
010 _aDEC24UP ENG-143135
020 _c360.00
_a9789363194847
035 _aEN-126667
037 _bDBAD/PUB
082 _a000
100 _aSharma, J. N.
_975522
245 _aUpkar's Rashtriya Military Schools Common Entrance Test:
_bFor Admission to Class-IX/
_cby J. N. Sharma & Suchitra Sharma
260 _aAgra
_bUpkar Prakashan
_c2024
270 _bAgra
_a1 State Bank Colony, Near Khandari, Agra-Mathura Bypass Road,
_e282005
_k2530966
_k2531101
_mcare@upkar.in
300 _a331p.
_c27cm(pbk)
700 _aSuchitra Sharma
_975523
942 _2ddc
_cEN
_h000
_mSHA
999 _c207874
_d207874